Finite automata / (Record no. 20287)

MARC details
000 -LEADER
fixed length control field 00784cam a2200265 i 4500
001 - CONTROL NUMBER
control field 13221053
003 - CONTROL NUMBER IDENTIFIER
control field EG-ScBUE
005 - DATE AND TIME OF LATEST TRANSACTION
control field 20240911094057.0
008 - FIXED-LENGTH DATA ELEMENTS--GENERAL INFORMATION
fixed length control field 030602t2004 flu f b 001 0 eng d
020 ## - INTERNATIONAL STANDARD BOOK NUMBER
International Standard Book Number 1584882557 (alk. paper)
020 ## - INTERNATIONAL STANDARD BOOK NUMBER
International Standard Book Number 9781584882558
040 ## - CATALOGING SOURCE
Original cataloging agency DLC
Language of cataloging eng
Description conventions rda
Transcribing agency DLC
Modifying agency DLC
-- EG-ScBUE
082 04 - DEWEY DECIMAL CLASSIFICATION NUMBER
Classification number 511.3
Edition number 22
Item number LAW
100 1# - MAIN ENTRY--PERSONAL NAME
Personal name Lawson, Mark V.,
Relator term author.
9 (RLIN) 38931
245 10 - TITLE STATEMENT
Title Finite automata /
Statement of responsibility, etc Mark V. Lawson.
264 #1 - PUBLICATION, DISTRIBUTION, ETC. (IMPRINT)
Place of publication, distribution, etc Boca Raton :
Name of publisher, distributor, etc Chapman & Hall / CRC,
Date of publication, distribution, etc [2004]
264 #4 - PUBLICATION, DISTRIBUTION, ETC. (IMPRINT)
Date of publication, distribution, etc c2004
300 ## - PHYSICAL DESCRIPTION
Extent xii, 307 pages :
Dimensions 24 cm
504 ## - BIBLIOGRAPHY, ETC. NOTE
Bibliography, etc Includes bibliographical references and index.<br/>
650 #7 - SUBJECT ADDED ENTRY--TOPICAL TERM
Topical term or geographic name as entry element Machine theory.
Source of heading or term BUEsh
9 (RLIN) 3450
651 ## - SUBJECT ADDED ENTRY--GEOGRAPHIC NAME
Source of heading or term BUEsh
653 ## - INDEX TERM--UNCONTROLLED
Resource For college Informatics and Computer Science
Arrived date list July2015
-- December2015
655 ## - INDEX TERM--GENRE/FORM
Form subdivision Reading book
942 ## - ADDED ENTRY ELEMENTS (KOHA)
Source of classification or shelving scheme Dewey Decimal Classification
Koha item type Book - Borrowing
Holdings
Withdrawn status Lost status Source of classification or shelving scheme Damaged status Not for loan Collection code Home library Current library Shelving location Date acquired Source of acquisition Cost, normal purchase price Serial Enumeration / chronology Total Checkouts Full call number Barcode Date last seen Cost, replacement price Koha item type
    Dewey Decimal Classification     Baccah Central Library Central Library First floor 08/07/2015 Purchase 639.00 21782   511.3 LAW 000039368 15/07/2025 799.00 Book - Borrowing
    Dewey Decimal Classification     Baccah Central Library Central Library First floor 08/07/2015 Purchase 639.00 21782   511.3 LAW 000039369 15/07/2025 799.00 Book - Borrowing